El existencialismo es un humanismo / Carta sobre el humanismo /

সংরক্ষণ করুন:
গ্রন্থ-পঞ্জীর বিবরন
প্রধান লেখক: Sartre, Jean-Paul (autor)
অন্যান্য লেখক: Heidegger, Martin (autor) (autor)
বিন্যাস: গ্রন্থ
ভাষা:স্প্যানিশ
প্রকাশিত: Argentina : Huascar, fecha no identificada
ট্যাগগুলো: ট্যাগ যুক্ত করুন
কোনো ট্যাগ নেই, প্রথমজন হিসাবে ট্যাগ করুন!

MARC

LEADER 00000nam^a2200000^a^4500
001 000623058
005 20251024000000.0
009 20260310133930.841
037 |a Acervo Xavier Clavigero 
041 |a ESP 
091 |a FHG. 00212 
100 |a Sartre, Jean-Paul  |e (autor) 
245 1 3 |a El existencialismo es un humanismo / Carta sobre el humanismo / 
264 1 |a Argentina :  |b Huascar,  |c fecha no identificada 
300 |a 121 p. 
336 |a texto  |b txt  |2 rdacontenido 
337 |a sin mediación  |b n  |2 rdamedio 
338 |a volumen  |b nc  |2 rdasoporte 
649 |a XX 
700 |a Heidegger, Martin  |e (autor) 
910 |a Fondo Humberto García Bedoy S.J. 
920 |a Impresos - Libros 
930 |a Fondos Especiales 
905 |a 148 
901 |a 623058-10  |b IT2  |c ESP  |i D  |u 20251024 
902 |a https://opac.biblio.iteso.mx/vufind/Record/000623058